000 00352nam a22001457a 4500
082 _a510
_bARO/O-1
100 _aARORA, O.P
245 _aOBJECTIVE NMATHEMATICS
_bMATHEMATICS
246 _aOBJECTIVE NMATHEMATICS
_bMATHEMATICS
260 _aDELHI
_bS DINESG 7 CO
_c1992
300 _a1276
520 _aMATHEMATICS
650 _aMATHEMATICS
942 _cBK
999 _c1313
_d1313